Modern Elementary Particle Physics
محفوظ في:
| المؤلف الرئيسي: | |
|---|---|
| التنسيق: | كتاب |
| اللغة: | الإنجليزية |
| منشور في: |
Reading
Addison-Wesley
1987
|
| الموضوعات: | |
| الوسوم: |
إضافة وسم
لا توجد وسوم, كن أول من يضع وسما على هذه التسجيلة!
|
MARC
| LEADER | 00000nam a2200000 a 4500 | ||
|---|---|---|---|
| 001 | UCH1841 | ||
| 003 | CL-VaPUC | ||
| 008 | 090514e19870000US |||||||||||||||||eng|d | ||
| 020 | |a 0201117495 | ||
| 082 | 0 | 4 | |a 539.721 |b KAN |2 21 |
| 100 | 0 | |a Kane, Gordon |e author |9 536398 | |
| 245 | 1 | 0 | |a Modern Elementary Particle Physics |
| 300 | |a 344 p | ||
| 942 | |c BK | ||
| 945 | |d 20090514 00:00:00 |a dcastane | ||
| 260 | |a Reading |b Addison-Wesley |c 1987 | ||
| 650 | 0 | |a Física |9 227844 | |
| 650 | 0 | |a partículas elementales |9 349874 | |
| 650 | 7 | |a FISICA NUCLEAR |2 CL-VaPUC |9 270366 | |
| 650 | 0 | |a Electromagnetismo |9 260123 | |
| 650 | 7 | |a ELECTRONES |2 CL-VaPUC |9 322158 | |
| 583 | |a last modification |c 20130419 09:56:41 |k Rodrigo Vera | ||
| 999 | |c 333738 |d 333736 | ||
| 952 | |0 0 |1 0 |4 0 |6 539_721000000000000_KAN_1987 |7 0 |8 A |9 422338 |a BIBCUR |b BIBCUR |d 2019-11-22 |i 4542703 |o 539.721 KAN 1987 |p 4542703 |r 2025-04-22 |w 2019-11-22 |y BK |k FIS | ||